00384nam a2200109Ia 4500008004100000082000800041100001800049245009100067942000600158952009500164999001500259240331s9999 xx 000 0 und d bCOO aCoomarswami,R 3aAn annotated bibliography on vilence against women in south Asia actions and responses cL 001040708LaWERCLbWERCLcSSCd2024-03-31l0o 341 COOp6584r2024-03-31w2024-03-31yL c4981d4981